000 00458nam a22001577a 4500
005 20231124094731.0
008 231124b |||||||| |||| 00| 0 eng d
041 _aEnglish
082 _a341 CRO
100 _aBlumberg, L and Erasmus D
_lEnglish
245 _aCross-Border Transactions /
_cL Blumberg and D Erasmus
260 _c2009
300 _b77 pages ;
_c30,3 cm.
650 _aLegal practice
_bLaw
942 _cBK
_6ALISON_BN_VRIES
999 _c934
_d934